| 000 | 00421nam a22001577a 4500 | ||
|---|---|---|---|
| 005 | 20221221133235.0 | ||
| 008 | 221221b |||||||| |||| 00| 0 eng d | ||
| 020 | _a978-0-670-09400-4 | ||
| 041 | _aeng | ||
| 082 | _aSAS | ||
| 100 |
_aSASIDHARAN , G.K _97445 |
||
| 245 | _aNOT MANY BUT ONE : SHREE NARAYANA GURU'S PHILOSOPHY OF UNIVERSAL ONENESS VOL-2 | ||
| 260 | _bPANGUIN VIKING | ||
| 300 | _a512;P. | ||
| 942 | _cBK | ||
| 999 |
_c8189 _d8187 |
||